| 000 | 00414nam a22001697a 4500 | ||
|---|---|---|---|
| 005 | 20180226114425.0 | ||
| 008 | 160523b xxu||||| |||| 00| 0 eng d | ||
| 020 | _a817188345-6 | ||
| 041 | _aeng | ||
| 082 |
_b4178 _a330.05 |
||
| 100 |
_aHema / R Mythili/ G _91034 |
||
| 245 | _aApplied Economics | ||
| 260 |
_aNew Delhi _bAcademic Faundation _c2005 |
||
| 300 | _a364 | ||
| 650 |
_aManagement _9241 |
||
| 942 | _cBK | ||
| 999 |
_c1407 _d1407 |
||